| 000 | 00509nam a22001817a 4500 | ||
|---|---|---|---|
| 003 | OSt | ||
| 005 | 20180116183106.0 | ||
| 008 | 170823b xxu||||| |||| 00| 0 eng d | ||
| 020 | _c8171008313 | ||
| 040 | _c0 | ||
| 082 | _a371.35 KAU 1996 | ||
| 100 | _aAmbika Sharanjit Kaur | ||
| 245 |
_aManaging Distance Education _cAmbika Sharanjit Kaur |
||
| 260 |
_aNew Delhi _bDeep and Deep Publishers _c1996 |
||
| 300 |
_a190p. _bHB |
||
| 440 | _aManaging Distance Education | ||
| 942 |
_2ddc _cBK _k371.35 KAU 1996 |
||
| 999 |
_c352073 _d352073 |
||